Słynne, polskie covery - Statystyki

Ogólne statystyki
  • Ten quiz został rozwiązany 30 razy
  • Średni wynik to 4 z 18
Statystyki odpowiedzi
Tytuł: Autor / Wykonawca oryginalny: Wykonawca: % Poprawnych
Aleją gwiazd Zdzisława Sośnicka Edyta Górniak / Marika / Matheo / Anna Karwan
54%
Tyle słońca w całym mieście Anna Jantar Natalia Kukulska
50%
Boskie Buenos Maanam Justyna Steczkowska
46%
Niech żyje bal Maryla Rodowicz Doda
42%
Celina Stanisław Staszewski Elektryczne Gitary / Jacek Kaczmarski / Kult
29%
Zacznij od Bacha Zbigniew Wodecki Marcin Maciejczak / Rafał Brzozowski / Stachursky
29%
Przyjdź w taką noc Czesław Niemen Krzysztof Zalewski
21%
Jeszcze w zielone gramy Wojciech Młynarski Magda Umer / Grażyna Strachota / Daria Zawiałow / Raz Dwa Trzy
21%
Wszystko czego dziś chcę Izabela Trojanowska Monika Brodka
21%
Co mi Panie dasz Bajm Dawid Podsiadło / Organek / Czesław Mozil / Gaba Kulka
17%
Weselne dzieci Urszula Sipińska Maryla Rodowicz / Katarzyna Dąbrowska / Krystyna Janda
17%
Jej portret Bogusław Mec Anna Maria Jopek / Andrzej Dąbrowski / Hanna Banaszak / Katarzyna Groniec / Michał Bajor
8%
Jezioro szczęścia Bajm Chłopcy z Placu Broni
8%
Gdy mi Ciebie zabraknie Ludmiła Jakubczak Czarno Czarni / Halina Benedyk / Urszula
4%
Chodź pomaluj mój świat 2 plus 1 De Mono / Goya / Patrycja Markowska / Venus
4%
Za wszystkie noce Anna Jantar Eleni / Halina Mlynkova
4%
Wymyśliłem Ciebie Andrzej Zaucha Krystyna Prońko / Szymon Wydra / Grzegorz Markowski / Mika Urbaniak
4%
Uciekaj moje serce Seweryn Krajewski Kasia Nosowska / Katarzyna Groniec / Piotr Rogucki / Stanisław Soyka
0%
Nie znaleziono quizów pasujących do podanych kryteriów
Rozkład punktacji
Procent ludzi z każdym wynikiem
Percentyl według liczby udzielonych odpowiedzi
Twoja historia wyników
Nie rozwiązałeś tego quizu